Music in India : (Record no. 128690)

MARC details
000 -LEADER
fixed length control field 00700nam a22002297a 4500
005 - DATE AND TIME OF LATEST TRANSACTION
control field 20170124110043.0
010 ## - LIBRARY OF CONGRESS CONTROL NUMBER
LC control number A-292081
020 ## - INTERNATIONAL STANDARD BOOK NUMBER
Terms of availability 00.00
International Standard Book Number 8185054258
035 ## - SYSTEM CONTROL NUMBER
System control number A-292081
037 ## - SOURCE OF ACQUISITION
Source of stock number/acquisition Cen Lib/Ret
040 ## - CATALOGING SOURCE
Original cataloging agency DPL
Language of cataloging EN
082 ## - DEWEY DECIMAL CLASSIFICATION NUMBER
Classification number 780.954
Item number WAD
100 ## - MAIN ENTRY--PERSONAL NAME
Personal name Wade, Bonnie C.
9 (RLIN) 24130
245 ## - TITLE STATEMENT
Title Music in India :
Statement of responsibility, etc by Bonnie C. Wade
Remainder of title the classical traditions /
260 ## - PUBLICATION, DISTRIBUTION, ETC. (IMPRINT)
Place of publication, distribution, etc New Delhi
Name of publisher, distributor, etc Manohar
Date of publication, distribution, etc 1987
270 ## - ADDRESS
Address 1, Ansari Road Darya Ganj
City New Delhi
Postal code 110002
300 ## - PHYSICAL DESCRIPTION
Extent xviii, 252p. :
Dimensions 20cm(Hb)
Other physical details ill.
500 ## - GENERAL NOTE
General note Includes glossary and index
650 ## - SUBJECT ADDED ENTRY--TOPICAL TERM
Topical term or geographic name as entry element Hindustani Music
Geographic subdivision India
9 (RLIN) 107434
650 ## - SUBJECT ADDED ENTRY--TOPICAL TERM
Topical term or geographic name as entry element Music
9 (RLIN) 4778
942 ## - ADDED ENTRY ELEMENTS (KOHA)
Source of classification or shelving scheme Dewey Decimal Classification
Koha item type English Books
Classification part 780.954
Call number suffix WAD
Holdings
Withdrawn status Lost status Damaged status Not for loan Home library Current library Date acquired Source of acquisition Cost, normal purchase price Total Checkouts Full call number Barcode Date last seen Date checked out Copy number Cost, replacement price Price effective from Koha item type Source of classification or shelving scheme
        Central Library Central Library 03/07/2015 Cen Lib/Ret 0.00 1 780.954 WAD A-292081 19/06/2017 10/06/2017 1 0.00 03/07/2015 English Books  
        Central Library Central Library 03/11/2016       780.954 WAD A-558405 03/11/2016   2   03/11/2016 English Books Dewey Decimal Classification

© Delhi Public Library
Hit Counter
free hit counter